Представление документа в формате RUSMARC

ПолеНазваниеЗначение
  Тип записи a
  Библиографический уровень a
001 Контрольный номер RU/CBS_Ul/BASE/502213074
005 Дата корректировки 20240209175153.4
100 Данные общей обработки __
a Данные общей обработки 20151130d2015 ||| 0rusy0189 ca
101 Язык документа 0_
a Язык текста rus
102 Страна публикации __
a Страна публикации RU
105 Кодированные данные (монография) __
a Кодированные данные (монография) y###||||000|y
200 Заглавие и сведения об ответственности 1_
a Заглавие Последняя улыбка Серебряного века
b Общее обозначение материала Текст
e Сведения, относящиеся к заглавию [строчки и кумиры Ирины Одоевцевой]
f Первые сведения об ответственности В. Эрлихман
300 Общие примечания __
a Общие примечания Ограничения по возрасту - 12+
461 Уровень набора _0
1 2000
a Родина
463 Уровень физической единицы _0
1 001RU/CBS_Ul/BASE/501693201
1 2000
a № 6
v С. 14-19 : фото
1 210
d 2015
600 Персоналии _0
a Персоналии (Фамилия) Одоевцева
b Персоналии (Имя, инициалы) И.В.
606 Тематические рубрики 0_
a Основная рубрика Одоевцева, И. В. (1895 - 1990)
610 Ключевые слова 0_
a Ключевые слова поэты
a Ключевые слова писатели
a Ключевые слова кумиры
a Ключевые слова серебряный век
a Ключевые слова русская поэзия
686 Индексы других классификаций __
a Классификационный индекс 83-8
2 Код системы ББК
700 Автор _1
a Фамилия Эрлихман
b Имя (инициалы) В.
801 Источник записи _0
a Страна RU
b Организация МБУК ЦБС г. Ульяновска
c Дата составления 20151130
g Правила каталогизации RCR
801 Источник записи _1
a Страна RU
b Организация МБУК ЦБС г. Ульяновска
c Дата составления 20151130
g Правила каталогизации RCR
901 Тип документа __
t Тип документа b
w Контрольный № источника RU/CBS_Ul/BASE/501693201
910 Корректоры записи __
a Корректор записи Библиотека 6
938 Служебная информация __
a Имя БД period